000
00291nam a2200109Ia 4500
008
220204s9999 xx 000 0 und d
082
_a
002.73125
_b
MOT
100
_a
Mote, V L
245
0
_a
Managerial economics: Concepts and cases
260
_a
New Delhi
_b
Tata McGraw Hill
_c
1977
942
_c
BK
999
_c
26272
_d
26272